IX Censo Nacional de Población . V Censo Nacional de Vivienda

Guardat en:
Dades bibliogràfiques
Autor corporatiu: INSTITUTO NACIONAL DE ESTADISTA Y CENSOS
Format: Text
Publicat: San José: INEC
Etiquetes: Afegir etiqueta
Sense etiquetes, Sigues el primer a etiquetar aquest registre!

MARC

LEADER 00000 a a2200000 04500
001 29327
003
040
090 |a 191100  |b RECURSO ELECTRONICO  
110 |a INSTITUTO NACIONAL DE ESTADISTA Y CENSOS  
245 |a IX Censo Nacional de Población . V Censo Nacional de Vivienda  
260 |a San José:   |b INEC  
500 |a Contiene: Tabulados básicos de población y vivienda.--Indicadores.Para consultarlo debe ser instaladoContiene: Tabulados básicos de población y vivienda.--Indicadores.Para consultarlo debe ser instalado  
999 |c 13712  |d 13712